Mathematics for quantum chemistry /
Guardado en:
| Autor Principal: | |
|---|---|
| Formato: | Libro |
| Idioma: | English |
| Publicado: |
New York :
W.A. Benjamin,
1966.
|
| Materias: | |
| Etiquetas: |
Agregar Etiqueta
Sin Etiquetas, Sea el primero en etiquetar este registro!
|
| LEADER | 00703nam a22002175a 4500 | ||
|---|---|---|---|
| 001 | EIQ.libpla000577 | ||
| 008 | 831130s1966####nyua#####b####000#0#eng#d | ||
| 005 | 20060322170105.0 | ||
| 245 | 1 | 0 | |a Mathematics for quantum chemistry / |c Jay Martin Anderson. |
| 260 | |a New York : |b W.A. Benjamin, |c 1966. | ||
| 300 | |a x, 154 p. : |b il. ; |c 22 cm. | ||
| 504 | |a Bibliografía: p. 145-146. | ||
| 100 | 1 | |a Anderson, Jay Martin. | |
| 082 | 0 | 0 | |a 541.28 |
| 650 | 4 | |a Química cuántica |x Teoría. | |
| 650 | 4 | |a Química |x Matemática. | |
| 650 | 0 | |a Chemistry |x Mathematics. | |
| 650 | 4 | |a Quantum chemistry |x Theory. | |
| 010 | |a 66013997 | ||
| 040 | |a DLC/ICU |c ICU |d AR-BbSID | ||
| 859 | |a AR-BbSID |b BIB. PLAPIQUI |h 541.28 |i An 23 |p 380 | ||
